000 01151cam a2200277 i 4500
003 SA-RiAUC
005 20260104133457.0
008 251230q19801989ir g 000 0 ara c
040 _aSA-JeALM
_bara
_cSA-RiAUC
_erda
082 0 4 _a238
090 _a238
_bز ي ن
100 1 _aزين العابدين، علي بن الحسين بن علي،
_d38-94 هجري
_eمؤلف.
245 1 2 _aالصحيفة السجادية الكاملة /
_cعلي زين العابدين.
250 _aالطبعة الاولى.
264 1 _aقم - ايران :
_bمؤسسة أنصاريان،
_c2001
300 _a288 صفحة
_c16 سم .
336 _aنص
_btxt
_2rdacontent
_3كتاب
337 _aبدون وسيط
_bn
_2rdamedia
338 _aمجلد
_bnc
_2rdacarrier
500 _aاهداء من محمد علي الى الشيخ رحمه الله بتاريخ جمادى الاولى 1434 هـ
650 7 _aالأدعية والأوراد
_2aucsh
650 7 _aحديث الفرق الإسلامية (شيعة)
_2aucsh
650 7 _aالشيعة (فرقة إسلامية)
_2aucsh
942 _2ddc
_cBOOK
_n0
949 _aSA-JeALM
_d251230
_uosman123
_n1
999 _c13879
_d13879